• 首页
  • 本馆介绍
  • 公告通知
  • 最新文献
  • 馆藏检索
  • 电子资源
  • 读者导购
  • 参考咨询
  • 我的图书馆
  • 登录
  • 详细信息显示
  • 放入我的书架
  • 预约/预借图书
  • 作者相关作品
  • 分类相关作品
  • 丛书相关作品
  • 出版社相关作品

书目信息

  • 表格格式
  • 工作单格式
  • 卡片格式
题名:
健身益寿梅花桩
    
 
作者: 王雪轩 著
分册:  
出版信息: 北京   人民卫生出版社  1983
页数: 65页
开本: 19cm
丛书名:
单 册:
中图分类: R247.4
科图分类:
主题词: 中医学:临床医学
电子资源:
ISBN:
000 00636nam0 2200241 45
001 0183006178
005 20040520095851.0
010    @dCNY0.19
091    @a14048.4346
100    @a19950416d1983 em y0chiy0121 ea
101 0  @achi
102    @aCN@b110000
105    @ay z 000yy
106    @ar
200 10 @a健身益寿梅花桩@Ajian shen yi shou mei hua zhuang@f王雪轩著
210    @a北京@c人民卫生出版社@d1983
215    @a65页@d19cm
606 0  @a中医学:临床医学
690    @aR247.4
701  0 @a王雪轩@Awang xue xuan@4著
801  0 @aCN@b上海图书馆@c20040520
801  2 @aCN@bNLC@c20040520
905    @f2@b93484-485@dR247.4@e12
    
    健身益寿梅花桩/王雪轩著.-北京:人民卫生出版社,1983
    65页;19cm
    
    
    ISBN :CNY0.19
    
●
相关链接 在E读中查询图书 在五车中查询图书 在当当中查询图书 在豆瓣中查询图书


正题名:健身益寿梅花桩     索取号:R247.4/12         预约/预借

序号 登录号 条形码 馆藏地/架位号 状态 备注
1 0093484   000711741   密集书库/ [索取号:R247.4/12] 在馆    
2 0093485   000711769   密集书库/ [索取号:R247.4/12] 在馆    
3 0093486   000711732   第二样本阅览室/ [索取号:R247.4/12] 在馆    
唐山师范学院图书馆 欢迎您!
大连网信软件有限公司© 版权所有